000 00266nam a22001097a 4500
008 170125b xxu||||| |||| 00| 0 eng d
020 _a9780923947156
041 _aeng
080 _211TH
_a61
245 _aINTERNATIONAL TRAVEL HEALTH GUIDE
_cROSE, S.R
942 _2udc
_cBK
999 _c3688
_d3688